000 01619nam a2200265 a 4500
008 150220s2012 ||||||||||||||||| || u
020 _a9781437715286
050 _aQR 185.5 Abb
100 _aAbbas, Abul K
245 1 0 _aCellular and molecular immunology. (7th ed.)
_cBy Abul K. Abbas, Andrew H. Lichtman [and] Shiv Pillai
250 _a7th ed.
260 _aPhiladelphia
_bElsevier Saunders
_c2012
300 _ax, 545p.: ill.
350 _a92.95
650 _aANTIBODY FORMATION--IMMUNOLOGY
650 _aIMMUNE SYSTEMS DISEASES--IMMUNOLOGY
650 _aLYMPHOCYTES--IMMUNOLOGY
650 _aANTIGENS--IMMUNOLOGY
650 _aIMMUNITY, CELLULAR
995 _aMEDICAL LIBRARY OPEN ACCESS
_e902856
_FCBU-SCHOOL OF MEDICINE LIBRARY (Ndola)
_I92.95
_jQR 185.5 Abb
_M5
_UAVAILABLE
_WMar 10, 2015
_y902856
_ZMedical Library Open Access Collection
995 _aMICHAEL CHILUFYA SATA OPEN ACCESS
_e902855
_FCBU-SCHOOL OF MEDICINE LIBRARY (Ndola)
_I92.95
_jQR 185.5 Abb
_M4
_UAVAILABLE
_WMar 10, 2015
_y902855
_ZMedical Library Open Access Collection
995 _aMICHAEL CHILUFYA SATA OPEN ACCESS
_e902853
_FCBU-SCHOOL OF MEDICINE LIBRARY (Ndola)
_I92.95
_jQR 185.5 Abb
_M2
_UAVAILABLE
_WMar 10, 2015
_y902853
_ZMedical Library Open Access Collection
995 _aMICHAEL CHILUFYA SATA OPEN ACCESS
_e902854
_FCBU-SCHOOL OF MEDICINE LIBRARY (Ndola)
_I92.95
_jQR 185.5 Abb
_M3
_UAVAILABLE
_WMar 10, 2015
_y902854
_ZMedical Library Open Access Collection
995 _aMEDICAL LIBRARY OPEN ACCESS
_e902852
_FCBU-SCHOOL OF MEDICINE LIBRARY (Ndola)
_I92.95
_jQR 185.5 Abb
_M1
_UAVAILABLE
_WMar 10, 2015
_y902852
_ZMedical Library Open Access Collection
999 _c63970
_d63970